000 00832nam a2200289Ia 4500
003 OSt
005 20221006155853.0
006 a|||||r|||| 00| 0
007 ta
008 221006b |||||||| |||| 00| 0 eng d
020 _a9780195039566
_c¥11340
024 _a43,711
037 _bGift, Japan Foundation
_cTextual
040 _aEASL
_cEASL
_beng
041 _2eng
_aeng
082 _aYX.1, M6
100 _aRose Richard Ed.
245 0 _aWelfare state east and west
260 _aOxford
_bOxford University Press
_c1986
300 _a213p.
_ccm.
490 _v Oth
650 _a JEL
650 _aWelfare state - Congresses
_9670706
700 _a Shiratori Rei Ed.
_9648643
942 _hYX.1, M6
_cTEXL
_2CC
999 _c1111803
_d1111803